000
00224 a2200109 4500
001
29071
082
_a
330 AKH
090
_c
19414
_d
19414
100
_a
Buford T O
245
_a
Toward a philosophy of Education
260
_b
Rinehart
942
_a
NUST-CAE
999
_c
264144
_d
264144